|
|
|
|
| LEADER |
00000nam a2200000Ii 4500 |
| 001 |
DIGUCCH0268 |
| 003 |
NyNyDIG |
| 006 |
m o d |
| 007 |
cr ||||||||||| |
| 008 |
250801s2017 cl a ob 000 0 spa d |
| 035 |
|
|
|a (OCoLC)1498751768
|
| 040 |
|
|
|a DGITA
|b eng
|e rda
|e pn
|c DGITA
|
| 020 |
|
|
|a 9789561421615
|q edición digital
|
| 020 |
|
|
|z 9789561421080
|q edición impresa
|
| 041 |
1 |
|
|a spa
|h eng
|
| 050 |
1 |
4 |
|a SF406 ebook
|
| 110 |
2 |
|
|a National Research Council (U.S.),
|e author.
|
| 240 |
1 |
0 |
|a Guide for the care and use of laboratory animals.
|l Spanish
|
| 245 |
1 |
0 |
|a Guía para el cuidado y uso de animales de laboratorio /
|c National Research Council of the National Academies.
|
| 250 |
|
|
|a Octava edición.
|
| 264 |
|
1 |
|a Santiago, Chile :
|b Ediciones UC,
|c [2017]
|
| 300 |
|
|
|a 1 online resource :
|b illustrations.
|
| 336 |
|
|
|a text
|b txt
|2 rdacontent
|
| 337 |
|
|
|a computer
|b c
|2 rdamedia
|
| 338 |
|
|
|a online resource
|b cr
|2 rdacarrier
|
| 347 |
|
|
|a text file
|2 rdaft
|
| 347 |
|
|
|b EPUB
|
| 500 |
|
|
|a "Comité para la actualización de la guía para el cuidado y uso de animales de laboratorio"--Cover.
|
| 504 |
|
|
|a Includes bibliographical references.
|
| 588 |
0 |
|
|a Online resource; title from ePub title page (Digitalia, viewed August 1, 2025)
|
| 650 |
|
0 |
|a Laboratory animals
|v Handbooks, manuals, etc.
|
| 650 |
|
0 |
|a Testing laboratories
|v Handbooks, manuals, etc.
|
| 700 |
1 |
|
|i Translation of:
|a National Research Council (U.S.).
|t Guide for the care and use of laboratory animals.
|
| 776 |
0 |
8 |
|i Print version:
|a National Research Council (U.S.).
|s Guide for the care and use of laboratory animals. Spanish.
|t Guía para el cuidado y uso de animales de laboratorio.
|b Octava edición.
|d Santiago, Chile : Ediciones UC, [2017]
|z 9789561421080
|
| 791 |
2 |
|
|a Digitalia (Firm),
|e distributor.
|
| 793 |
0 |
|
|g Digitalia eBook Collection:
|a Universidad Católica de Chile
|
| 856 |
4 |
0 |
|3 Digitalia Hispánica
|u https://www.digitaliapublishing.com/a/175567/
|
| 910 |
|
|
|a Premium collection: 2025
|